LEADER 01136nam2-2200349---450- 001 990002403030203316 005 20091007112428.0 010 $a84-8494-026-8 035 $a000240303 035 $aUSA01000240303 035 $a(ALEPH)000240303USA01 035 $a000240303 100 $a20050224d2002----km-y0enga50------ba 101 $aspa 102 $aES 105 $a||||||||001yy 200 1 $a<<5>> : Homicidio. Lesiones. Aborto y Manipulacion genética$earticulos 138 a 162$fdirigidos por: Manuel Cobo del Rosal 210 $aMadrid$cEdersa$d2002 215 $a887 p.$d25 cm 461 1$1001000120461$12001$aComentarios al codigo penal 606 0 $aCodice penale$ySpagna 676 $a345.46002632 702 1$aCOBO DEL ROSAL,$bManuel 801 0$aIT$bsalbc$gISBD 912 $a990002403030203316 951 $aXXVI.1.D. 127 5 (CODEX 1018)$b42097 G.$cXXVI.1.D. 127 5 (CODEX 1018)$d00135781 959 $aBK 969 $aGIU 979 $aMARIASEN$b90$c20050224$lUSA01$h1638 979 $aRSIAV4$b90$c20091007$lUSA01$h1124 996 $aHomicidio. Lesiones. Aborto y Manipulacion genética$91065485 997 $aUNISA